Responses for show #3226 - Monday, September 21, 1998

Lance Johnson game 4.

Contestants

John Brett, a procurement analyst originally from Cleveland, Ohio

Emily Krucoff, a journalist from Bethesda, Maryland

Lance Johnson, an event coordinator from Champaign, Illinois (whose 3-day cash winnings total $31,300)

Jeopardy! Round responses

NEW TESTAMENT QUOTES
20th CENTURY WOMEN
COLLEGES & UNIVERSITIES
DO YOU HAVE ANY KINGS?
(we'll give you some information & you have to identify the king in question)
"GO"
FISH
    $100 9
(L: What is faith?)

Charity

LanceJohn
    $100 21
Demi Moore

Lance
    $100 13
Harvard & William & Mary

John
    $100 26
Henry VIII

John
    $100 2
Gomez

Emily
    $100 1
Angelfish

Emily
    $200 10
The flesh

Lance
    $200 22
Palimony

Lance
    $200 16
(J: What is Texas A&M?)
(L: What is "Hook 'Em Horns?")

"The Eyes of Texas Are Upon You"

LanceJohn
Triple Stumper
    $200 27
Charlemagne

John
    $200 3
Go-Go girls

John
    $200 7
Parrotfish

Lance
    $300 14
Death

John
    $300 23
Paula Cole

Triple Stumper
    $300 17
Idaho

Lance
    $300 28
Haile Selassie

Lance
    $300 4
Goaltender (in ice hockey)

Lance
    $300 8
Lionfish

John
    $400 15
"Hallowed be thy name"

Lance
    $400 24
(and we have less than a minute to go....)

Billie Jean King

Lance
    $400 18
Ducks

Lance
    $400 29
(J: Who is Alexander the Great?)
(buzzer sounds)

Philip of Macedon

John
Triple Stumper
    $400 5
"Going My Way"

Emily
    $400 11
Moray eel

Lance
    $500 20
Simon

John
    $500 25
(J: Who is March?)

Eileen Collins

John
Triple Stumper
    $500 19
Whitehorse

John
    $500 6
Goa

Lance
    $500 12
Garibaldi

Triple Stumper

Scores at the first commercial break (after clue 13):

Lance Emily John
$1,500 $600 $700

Scores at the end of the Jeopardy! Round:

Lance Emily John
$3,400 $600 $1,200

Double Jeopardy! Round responses

FAR"M"S
THE AMERICAN REVOLUTION
CONSTRUCTION
HOUSE OF PI
BRIAN DE PALMA FILMS
TRIPLE A
(Alex: The correct response in each case will be a word that has 3 "A"s in it.)
    $200 1
Melbourne

John
    $200 3
Benjamin Franklin

Lance
    $200 2
Mantle

Lance
    $200 22
Area

Lance
    $200 11
"Carrie"

Lance
    $200 17
Armada

Emily
    $1,000 8
(L: What is Macao?)

Madras

Lance
    $400 4
Articles of Confederation

John
    $400 23
Fire

Lance
    $400 25
( a minute to go...)

Rho

Lance
    $400 13
"Scarface"

Lance
    $400 18
Alfalfa

Emily
    $600 9
(J: What is Marrakesh?)

Monrovia

LanceJohn
    $600 5
Boston Massacre

Lance
    $600 24
Acoustics

Emily
    $600 27
Diameter

John
    $600 14
MIssion: Impossible

Triple Stumper
    $600 19
Alpaca

Lance
    $800 10
Malaysia

John
    $800 6
John Paul Jones

Lance
    $800 26
(L: What are double doors?)

Dutch doors

LanceEmily
    $1,600 29
(J: Who is Euclid?)
(buzzer sounds)

Archimedes

John
    $800 15
(J: What is "Tommy?")

"Phantom of the Paradise"

John
Triple Stumper
    $800 20
Anagram

John
    $1000 12
Mogadishu

Lance
    $1000 7
John Hancock

Triple Stumper
    $1000 28
Arches

Triple Stumper
    $1000 16
"Blow Up"

Emily
    $1000 21
Avatar

Emily

Scores at the end of the Double Jeopardy! Round:

Lance Emily John
$7,200 $4,600 $1,000

[wagering suggestions for these scores]

Final Jeopardy! Round responses

HOTELS
(Alex: A lot of hotels in the world.)
(Alex: John Jacob Astor, the man who owned it.)
JohnWhat is the Waldorf-Astoria?
$1,000
EmilyWhat is the Waldorf Astoria?
$600
LanceWhat is the Waldorf-Astoria?
$2,001
Waldorf Astoria

Final scores:

Lance Emily John
$9,201 $5,200 $2,000
4-day champion: $40,501 2nd place: Trip to El Conquistador Resort, Puerto Rico 3rd place: Rand McNally Gift Certificate

Game dynamics:

Coryat scores:

Lance Emily John
$8,200 $4,600 $2,600
24 R
(including 1 DD),
4 W
(including 1 DD)
9 R,
0 W
14 R,
6 W
(including 1 DD)

Combined Coryat: $15,400

The J! Archive is created by fans, for fans. The Jeopardy! game show and all elements thereof, including but not limited to copyright and trademark thereto, are the property of Jeopardy Productions, Inc. and are protected under law. This website is not affiliated with, sponsored by, or operated by Jeopardy Productions, Inc. Join the discussion at JBoard.tv.